Iron Maiden : Illustration #1 - Statistiques

Statistiques générales
  • Ce quiz a été pris 14 fois
  • Le résultat moyen est 5 sur 16
Statistiques - réponses
Par images Réponse % Correct
Iron Maiden
85%
The book of souls
85%
Senjutsu
69%
The final frontier
62%
No prayer for the dying
54%
Rock in Rio
54%
Virtual XI
54%
A real live one
23%
The book of souls - Live chapter
15%
BBC Archives
8%
From Fear to Eternity: The Best of 1990 - 2010
8%
Edward the Great
0%
Ghost of the navigator
0%
Hooks in you
0%
Live at the Rainbow
0%
The beast on the road - World tour 1982
0%
Aucun quiz correspondant
Distribution des résultats
% des personnes avec chaque résultat
Percentile par nombre de réponses
Votre historique - résultats
Vous n’avez pas pris ce quiz